000 00688nam a22001817a 4500
999 _c13794
_d13794
008 190410b ||||| |||| 00| 0 eng d
020 _a9781443881487
082 _22015
_aAV-Eb 370.1523
_bL419
100 _aLawrence,William K.
_938324
245 _aLearning and personality :
_bthe experience of introverted reflective learners in a world of extroverts /
_cWilliam K. Lawrence
250 _aFirst Edition
260 _bCambridge Scholars Publishing,
_c©2015.
300 _a124 pages;
500 _aIncludes index.
650 _aLearning, Psychology of.
_938325
856 _yhttps://ebookcentral.proquest.com/lib/uniofmindanao-ebooks/detail.action?docID=4534702
942 _2ddc
_cEB